Statistics for Hamilton: Finish The Lyrics

Click here to take the quiz!

General Stats

  • This quiz has been taken 3,039 times
  • The average score is 8 of 8

Answer Stats

QuestionAnswer% Correct
The Schuyler Sisters: I've been reading Common Sense by Thomas Paine. Some men say that I'm intense or I'm insane. You want a_______ I want a revelation. So listen to my______Revolution; Declaration
99%
Aaron Burr, Sir: "Pardon me, are you Aaron Burr, sir? That depends, who's asking? Oh, sure, sir, I'm Alexander Hamilton, I'm at _______Your Service
97%
Burn: "I'm ____ myself from the narrative, let future historians wonder how Eliza reacted when you broke her heart, you have torn it all apart, I'm _____ it burn..."Erasing; Watching
96%
Say No To This: "I haven't slept in a week, I was weak, you never seen a poor orphan more in need of a break... Longing for Angelica, missin' my wife, that's when Miss ____ _____ walked into my life. ( I couldn't say the actual word so I switched it with the word poor)Maria Reynolds
96%
Take a Break: "Daddy, Daddy Look! My name is Phillip, I am a poet, I wrote this poem just to show it, and I just turned _____, you can write rhymes but you can't write mine! (what)"Nine
96%
Right Hand Man: "We are outgunned! (what?) Outmanned! (what?) Outnumbered, out planned! (buck buck buck buck buck!)We gotta make an---"All Out Stand"
95%
Alexander Hamilton: My name is Alexander Hamilton... my name is Alexander Hamilton... and there's a _____ things I haven't done... but just you wait, just you wait...Million
95%
Guns and Ships: "Alexander Hamilton...I have soldiers that will yield for you... If we manage to get this right, They'll ______________Surrender by Early Light
91%

Score Distribution

Percentile by Number Answered

Percent of People with Each Score

Your Score History

You have not taken this quiz